Relationship between clinical and forceplate measures of balance /
Saved in:
| Main Author: | |
|---|---|
| Format: | Thesis Book |
| Language: | English |
| Published: |
2008.
|
| Subjects: | |
| Tags: |
Add Tag
No Tags, Be the first to tag this record!
|
| LEADER | 00901cam a2200253 a 4500 | ||
|---|---|---|---|
| 001 | u752941 | ||
| 003 | SIRSI | ||
| 005 | 20080401453 | ||
| 008 | 080404s2008 my a t 000 eng | ||
| 040 | |a UMP | ||
| 096 | |a QT261 |b UM 2008 Nai | ||
| 100 | 1 | |a Naicker, Devamalar S. | |
| 245 | 1 | 0 | |a Relationship between clinical and forceplate measures of balance / |c Devamalar S. Naicker. |
| 260 | |c 2008. | ||
| 300 | |a 66 leaves : |b col. ill. ; |c 30 cm. | ||
| 502 | |a Dissertation (M.Sp.Med) -- Department of Sport Medicine, Faculty of Medicine, University of Malaya, 2008. | ||
| 504 | |a Bibliography: leaves 58-64. | ||
| 650 | 1 | 2 | |a Athletic Injuries. |
| 650 | 2 | 2 | |a First Aid. |
| 650 | 2 | 2 | |a Proprioception. |
| 710 | 2 | 0 | |a Universiti Malaya. |b Jabatan Perubatan Sains Sukan. |
| 900 | |a RAH | ||
| 596 | |a 2 | ||
| 999 | |a QT261 UM 2008 NAI |w NLM |c 1 |i A503107631 |d 2/11/2009 |f 2/11/2009 |g 1 |l TESIS |m P02MEDKL |r Y |s Y |t TESIS |u 2/11/2009 | ||
